000 00552nam a2200193Ia 4500
005 20260429112115.0
008 260429s9999||||xx |||||||||||||| ||und||
020 _a9781032758794
041 _aEnglish
082 _a519.535
_bISH
100 _aIshwaran, Hemant
245 0 _aMultivariate statistics :
_bclassical foundations and modern machine learning /
_cHemant Ishwaran
250 _a1st ed.
260 _aBoca Raton :
_bCRC Press,
_c2025.
300 _axix, 465 p.; hb
650 _a Machine learning
650 _aStatistics
942 _cTB
999 _c52389
_d52389